=LDR 00000nam 2200000 4500 =001 INLIS000000000030096 =005 20130612132255 =008 ***********************************Ind** =035 ##$$0010-061300000030096 =041 ##$$a Ind =082 ##$$a 372.55 =090 ##$$a 372.55, Ang g =100 ##$$a Anggraini, Lilik =245 ##$$a Gunting dan tempel, Lilik Anggraini =260 ##$$a 1992 $b Jakarta =300 ##$$a 10 hlm, ilus, 21 cm =650 ##$$a Pendidikan TK =850 ##$$a NBPNMAT